000 00648nam a2200253Ia 4500
005 20260121161323.0
008 008 260114s9999 xx 000 0 eng d
020 _a9781003458791
037 _aEBOOK
040 _aCRL
040 _beng
040 _cCRL
041 _2eng
041 _aeng
084 _qCRL
100 _aAlptekin Koksal
_91042937
245 0 _aBig Data and Competition Law : Market Power Assessment in the Data-Driven Economy
260 _bTaylor and Francis
260 _c2024
856 _uhttp://www.taylorfrancis.com/books/9781003458791
942 _cEBOOK
999 _c1609753
_d1609753